Firemná architektúra
Firemnú architektúru možno chápať ako súčasť corporate design a rovnako ako súčasť firemnej kultúry. Charakteristický príklad prepracovanej firemnej architektúry na medzinárodnej úrovni je spoločnosť McDonald's.
Salvato in:
| Autore principale: | |
|---|---|
| Natura: | Capitolo di libro |
| Lingua: | slovacco |
| Soggetti: | |
| Tags: |
Nessun Tag, puoi essere il primo ad aggiungerne!!
|
MARC
| LEADER | 00000naa a2200000 4500 | ||
|---|---|---|---|
| 001 | r038939 | ||
| 005 | 20231002130926.8 | ||
| 041 | 0 | |a slo | |
| 044 | |a SK | ||
| 245 | 1 | 0 | |a Firemná architektúra |c Matej Jaššo |
| 520 | |a Firemnú architektúru možno chápať ako súčasť corporate design a rovnako ako súčasť firemnej kultúry. Charakteristický príklad prepracovanej firemnej architektúry na medzinárodnej úrovni je spoločnosť McDonald's. | ||
| 610 | 2 | 0 | |a identita podniková |
| 610 | 2 | 0 | |a firmy |
| 610 | 2 | 0 | |a architektúra |
| 610 | 2 | 0 | |a dizajn |
| 610 | 2 | 0 | |a symboly |
| 610 | 2 | 0 | |a logo |
| 610 | 2 | 0 | |a komunikácia |
| 100 | 1 | |a Jaššo, Matej | |